[Event "DVM U14w 2015"]
[Site "Magdeburg GER"]
[Date "2015.12.29"]
[Round "6"]
[White "Seeburger, Milena"]
[Black "Kunisch, Nina"]
[Result "1/2-1/2"]
[Termination "normal"]
[Board "7.1"]
[WhiteElo "1314"]
[BlackElo "1406"]
[WhiteTeam "SC 1948 Ersingen"]
[BlackTeam "SK Neumarkt"]
[PlyCount "49"]
[WhiteFideId "16217306"]
[BlackFideId "12982849"]
[EventCountry "GER"]
[EventRounds "7"]
[EventType "team-swiss"]
[EventDate "2015.12.26"]

1. e4 c5 2. Nf3 Nc6 3. d4 cxd4 4. Nxd4 g6 5. Nc3 Bg7 6. Be3 Nf6 7. Be2 O-O 8.
O-O d5 9. Nxc6 bxc6 10. Bf3 dxe4 11. Qxd8 Rxd8 12. Nxe4 Bf5 13. Nxf6+ Bxf6 14.
c3 Rdc8 15. Rad1 a5 16. Bd4 Bxd4 17. Rxd4 Rcb8 18. b4 e5 19. Rd6 e4 20. Bd1
axb4 21. cxb4 Rxb4 22. Bb3 c5 23. Rc1 c4 24. Rd4 Be6 25. Rxe4 1/2-1/2

[Event "DVM U14w 2015"]
[Site "Magdeburg GER"]
[Date "2015.12.29"]
[Round "6"]
[White "Schilay, Maria"]
[Black "Ruf, Judith"]
[Result "1-0"]
[Termination "normal"]
[Board "7.2"]
[WhiteElo "1190"]
[BlackElo "902"]
[WhiteTeam "SK Neumarkt"]
[BlackTeam "SC 1948 Ersingen"]
[PlyCount "97"]
[WhiteFideId "12942979"]
[BlackFideId "16217314"]
[EventCountry "GER"]
[EventRounds "7"]
[EventType "team-swiss"]
[EventDate "2015.12.26"]

1. e4 e5 2. Nf3 Nc6 3. Nc3 Bc5 4. Nxe5 Nxe5 5. d4 Nc6 6. dxc5 Nf6 7. Bg5 d6 8.
Nd5 Be6 9. cxd6 cxd6 10. Nxf6+ gxf6 11. Bf4 d5 12. exd5 Bxd5 13. Qd3 Ne5 14.
Qe3 Qe7 15. O-O-O O-O-O 16. Bg3 Rhe8 17. Qxa7 Nc6 18. Qa8+ Kd7 19. Qxb7+ Ke6
20. Re1+ Ne5 21. Qxe7+ Rxe7 22. f4 Kd7 23. fxe5 Rde8 24. Bb5+ Bc6 25. Bxc6+
Kxc6 26. exf6 Re6 27. Rhf1 h5 28. Rxe6+ Rxe6 29. a4 Kb6 30. b4 Re4 31. c3 Rc4
32. a5+ Kb5 33. Be5 h4 34. Bd4 Ka4 35. Kb2 Rc6 36. Ra1+ Kb5 37. Kb3 Rd6 38. c4+
Kc6 39. b5+ Kc7 40. Be5 Kd7 41. Bxd6 Kxd6 42. Rd1+ Ke6 43. a6 Kxf6 44. a7 Kg5
45. a8=Q f6 46. Qd5+ f5 47. Qg8+ Kh5 48. Rd6 f4 49. Qg6# 1-0

[Event "DVM U14w 2015"]
[Site "Magdeburg GER"]
[Date "2015.12.29"]
[Round "6"]
[White "Wackernagel, Sara"]
[Black "Held, Fabienne"]
[Result "1-0"]
[Termination "normal"]
[Board "7.3"]
[WhiteElo "996"]
[BlackElo "1157"]
[WhiteTeam "SC 1948 Ersingen"]
[BlackTeam "SK Neumarkt"]
[PlyCount "101"]
[WhiteFideId "16217322"]
[BlackFideId "12964670"]
[EventCountry "GER"]
[EventRounds "7"]
[EventType "team-swiss"]
[EventDate "2015.12.26"]

1. e4 e5 2. Nf3 Nc6 3. Bc4 Bc5 4. Nc3 Nf6 5. O-O d6 6. h3 Be6 7. d3 h6 8. Be3
Bb6 9. Bb5 Bd7 10. Bxc6 Bxc6 11. Bxb6 axb6 12. d4 Qe7 13. dxe5 dxe5 14. Ne2
Bxe4 15. Ng3 g5 16. Nxe4 Nxe4 17. Qd5 Nf6 18. Qxe5 Qxe5 19. Nxe5 Ne4 20. Rae1
Nd2 21. Ng6+ Kd7 22. Nxh8 Nxf1 23. Nxf7 Nd2 24. Nxh6 Rxa2 25. Rd1 Kc8 26. Rxd2
Rxb2 27. Rd5 Rxc2 28. Rxg5 Kb8 29. Rg8+ Ka7 30. g4 b5 31. Re8 b4 32. Re1 b3 33.
Rb1 b2 34. Kg2 Ka6 35. g5 Rc6 36. Rxb2 b5 37. f4 Rg6 38. h4 c5 39. f5 Rd6 40.
g6 Rd8 41. g7 c4 42. g8=Q Rxg8+ 43. Nxg8 c3 44. Rc2 b4 45. f6 b3 46. Rxc3 b2
47. Rb3 b1=Q 48. Rxb1 Ka5 49. f7 Ka4 50. f8=Q Ka5 51. Qa8# 1-0

[Event "DVM U14w 2015"]
[Site "Magdeburg GER"]
[Date "2015.12.29"]
[Round "6"]
[White "Burger, Daiana"]
[Black "Georgieva, Kalina"]
[Result "0-1"]
[Termination "normal"]
[Board "7.4"]
[WhiteElo "756"]
[BlackElo "732"]
[WhiteTeam "SK Neumarkt"]
[BlackTeam "SC 1948 Ersingen"]
[PlyCount "68"]
[WhiteFideId "16217233"]
[BlackFideId "16217330"]
[EventCountry "GER"]
[EventRounds "7"]
[EventType "team-swiss"]
[EventDate "2015.12.26"]

1. e4 e5 2. Nf3 Nc6 3. Nc3 Nf6 4. Bc4 Bc5 5. O-O d6 6. d3 Bg4 7. Bg5 Nd4 8. Re1
Nxf3+ 9. gxf3 Bh3 10. d4 Qd7 11. Bf1 Nh5 12. Bg2 exd4 13. Kf1 dxc3 14. b3 d5
15. exd5+ Kf8 16. Qd3 Bd6 17. Ke2 Bf4 18. Kd1 Bxg5 19. Qxc3 Bxg2 20. f4 Bxf4
21. Qd4 Bf3+ 22. Re2 Bxe2+ 23. Kxe2 Qe7+ 24. Kd3 Be5 25. Qg4 Bxa1 26. Qxh5 Re8
27. Kc4 Qe4+ 28. Kb5 c6+ 29. dxc6 Re5+ 30. Qxe5 Bxe5 31. cxb7 Ke7 32. c4 Qxb7+
33. Ka4 Bd6 34. a3 Qa6# 0-1

[Event "DVM U14w 2015"]
[Site "Magdeburg GER"]
[Date "2015.12.29"]
[Round "6"]
[White "Fricke, Edna Marlene"]
[Black "Suhr, Saskia"]
[Result "0-1"]
[Termination "normal"]
[Board "8.1"]
[WhiteElo "1373"]
[BlackElo "1374"]
[WhiteTeam "Schachunion Berlin"]
[BlackTeam "SC Borussia 1920 Friedrichsfelde"]
[PlyCount "102"]
[WhiteFideId "12988839"]
[BlackFideId "16208803"]
[EventCountry "GER"]
[EventRounds "7"]
[EventType "team-swiss"]
[EventDate "2015.12.26"]

1. e4 c5 2. Nf3 Nc6 3. d3 d6 4. g3 Nf6 5. Bg2 g6 6. O-O Bg7 7. c3 O-O 8. Nbd2
a6 9. Re1 Qc7 10. a4 Bg4 11. h3 Be6 12. Nf1 Nh5 13. g4 Nf6 14. Bf4 Qd7 15. d4
cxd4 16. cxd4 d5 17. e5 Ne4 18. N1d2 Nxd2 19. Qxd2 f6 20. b4 f5 21. Bh6 fxg4
22. hxg4 Bxh6 23. Qxh6 Nxb4 24. Ng5 Rf7 25. Nxf7 Bxf7 26. g5 Nc2 27. a5 Nxe1
28. Rxe1 Qa4 29. e6 Be8 30. Bxd5 Bc6 31. Bxc6 bxc6 32. Qh1 Rc8 33. Qf3 Rf8 34.
Qc3 Rf5 35. Re5 Rxe5 36. dxe5 Qg4+ 37. Kf1 Qxe6 38. Qc5 Kf7 39. f4 Qd5 40. Qc3
Ke6 41. Ke2 Kd7 42. Qh3+ Qe6 43. Qxh7 c5 44. Qh8 c4 45. Kd2 Qd5+ 46. Kc3 Qd3+
47. Kb4 Qb3+ 48. Kc5 c3 49. Qh1 Qb5+ 50. Kd4 c2 51. Qc1 Qb1 0-1

[Event "DVM U14w 2015"]
[Site "Magdeburg GER"]
[Date "2015.12.29"]
[Round "6"]
[White "Oschlies, Tami"]
[Black "Kirschner, Elena"]
[Result "1-0"]
[Termination "normal"]
[Board "8.2"]
[WhiteElo "958"]
[BlackElo "1089"]
[WhiteTeam "SC Borussia 1920 Friedrichsfelde"]
[BlackTeam "Schachunion Berlin"]
[PlyCount "53"]
[WhiteFideId "16217365"]
[BlackFideId "16205804"]
[EventCountry "GER"]
[EventRounds "7"]
[EventType "team-swiss"]
[EventDate "2015.12.26"]

1. e4 c5 2. Nc3 Nc6 3. Bc4 g6 4. f4 e6 5. Nf3 Bg7 6. d3 Nge7 7. O-O O-O 8. Qe1
d5 9. exd5 Nxd5 10. Bxd5 exd5 11. Ng5 Nd4 12. Qf2 Re8 13. Be3 Nxc2 14. Qxc2
Rxe3 15. Nd1 Re8 16. Qxc5 b6 17. Qc6 Ba6 18. Rf3 Bd4+ 19. Kf1 Rc8 20. Qa4 Bxd3+
21. Rxd3 Bg7 22. Qxa7 Re7 23. Qa4 f6 24. Nf3 Re4 25. Qb3 Rec4 26. Ne3 R4c5 27.
Nxd5 1-0

[Event "DVM U14w 2015"]
[Site "Magdeburg GER"]
[Date "2015.12.29"]
[Round "6"]
[White "Kessen, Fanny"]
[Black "Eilers-König, Nadja"]
[Result "0-1"]
[Termination "normal"]
[Board "8.3"]
[WhiteElo "860"]
[BlackElo "791"]
[WhiteTeam "Schachunion Berlin"]
[BlackTeam "SC Borussia 1920 Friedrichsfelde"]
[PlyCount "98"]
[BlackFideId "16217390"]
[EventCountry "GER"]
[EventRounds "7"]
[EventType "team-swiss"]
[EventDate "2015.12.26"]

1. e4 c5 2. Nf3 Nc6 3. d3 d6 4. g3 Nf6 5. Bg2 g6 6. O-O Bg7 7. Re1 O-O 8. Nbd2
Bg4 9. h3 Be6 10. Nf1 Qd7 11. Ng5 Rab8 12. Nh2 Nd4 13. Nhf3 Nxf3+ 14. Qxf3 b5
15. Bf4 Nh5 16. Rab1 Bxa2 17. Ra1 Be6 18. Rab1 Bh6 19. Bd2 Bxg5 20. Bxg5 Bxh3
21. Bh6 Bxg2 22. Qxg2 Rfe8 23. e5 a6 24. Ra1 Ra8 25. Rad1 b4 26. d4 c4 27. g4
Ng7 28. Re2 d5 29. Rde1 a5 30. Bxg7 Kxg7 31. e6 Qc6 32. exf7 Kxf7 33. Re6 Qxe6
34. Rxe6 Kxe6 35. f4 c3 36. Qe2+ Kf7 37. bxc3 bxc3 38. Qb5 e6 39. Qd7+ Kg8 40.
Kf2 a4 41. Qc6 a3 42. Qxc3 a2 43. Qa1 Rec8 44. Ke2 Rxc2+ 45. Kd1 Rb2 46. Kc1
Rh2 47. f5 Rh1+ 48. Kb2 Rxa1 49. Kxa1 exf5 0-1

[Event "DVM U14w 2015"]
[Site "Magdeburg GER"]
[Date "2015.12.29"]
[Round "6"]
[White "Glinzner, Alva"]
[Black "Oswald, Hannah"]
[Result "1-0"]
[Termination "normal"]
[Board "9.1"]
[WhiteElo "1523"]
[BlackElo "1240"]
[WhiteTeam "Lübecker SV von 1873"]
[BlackTeam "SG Leipzig"]
[PlyCount "115"]
[WhiteFideId "16206169"]
[BlackFideId "16214960"]
[EventCountry "GER"]
[EventRounds "7"]
[EventType "team-swiss"]
[EventDate "2015.12.26"]

1. e4 e5 2. Nf3 Nc6 3. d4 exd4 4. Nxd4 Qh4 5. Nb5 Bc5 6. Qf3 Ne5 7. Nxc7+ Kd8
8. Qf5 d6 9. Bg5+ Kxc7 10. Qxc8+ Rxc8 11. Bxh4 Kb8 12. Nd2 h6 13. Nb3 Bb6 14.
O-O-O Bc7 15. Kb1 g5 16. Bg3 Nf6 17. f3 Rhe8 18. Bb5 Re7 19. Nd4 Nfd7 20. Nf5
Re6 21. Bxd7 Nxd7 22. Bxd6 Bxd6 23. Nxd6 Rf8 24. Nxb7 Kxb7 25. Rxd7+ Kb6 26.
Rhd1 a6 27. c4 Rc6 28. b3 a5 29. Kb2 Kc5 30. R1d5+ Kb6 31. Rb5+ Ka6 32. Rdd5
Rcc8 33. Rxa5+ Kb7 34. Rdb5+ Kc7 35. Rc5+ Kd7 36. Rxc8 Rxc8 37. Ra6 Kc7 38.
Rxh6 Rg8 39. h3 Kd7 40. a4 Rb8 41. Kc3 Ra8 42. e5 Re8 43. Rd6+ Kc7 44. Kd4 Rb8
45. Kc3 Re8 46. Rd5 Kc6 47. a5 Kb7 48. b4 Ka6 49. Kd4 Rb8 50. Rd6+ Ka7 51. b5
Re8 52. Rd7+ Kb8 53. a6 Ka8 54. b6 Kb8 55. c5 Ka8 56. c6 Kb8 57. c7+ Ka8 58.
Rd8+ 1-0

[Event "DVM U14w 2015"]
[Site "Magdeburg GER"]
[Date "2015.12.29"]
[Round "6"]
[White "Fischer, Laura"]
[Black "Mundt, Alexandra"]
[Result "0-1"]
[Termination "normal"]
[Board "9.2"]
[WhiteElo "1214"]
[BlackElo "973"]
[WhiteTeam "SG Leipzig"]
[BlackTeam "Lübecker SV von 1873"]
[PlyCount "76"]
[WhiteFideId "16208935"]
[BlackFideId "16217276"]
[EventCountry "GER"]
[EventRounds "7"]
[EventType "team-swiss"]
[EventDate "2015.12.26"]

1. e4 e5 2. Nf3 Nc6 3. Bc4 Bc5 4. Nc3 Nf6 5. d3 d6 6. h3 Bd7 7. O-O Qe7 8. Bg5
O-O 9. Nd5 Qd8 10. Nxf6+ gxf6 11. Bh6 Re8 12. Nh2 Kh8 13. Bxf7 Re7 14. Bb3 Be6
15. Qf3 Bxb3 16. Qxf6+ Kg8 17. axb3 Qe8 18. Kh1 Rf7 19. Qh4 Ne7 20. f4 Ng6 21.
Qg4 Kh8 22. f5 Ne7 23. Rf3 Bd4 24. c3 Bb6 25. Rg3 Bf2 26. Rf3 Bb6 27. Raf1 Ng8
28. Bd2 Rg7 29. Qh4 c6 30. Rg3 Bd8 31. Bg5 Bb6 32. Rff3 Qf7 33. Bh6 Nxh6 34.
Qxh6 Rag8 35. Nf1 Qxb3 36. Rxg7 Rxg7 37. Qxd6 Qxb2 38. Qxe5 Qxg2# 0-1

[Event "DVM U14w 2015"]
[Site "Magdeburg GER"]
[Date "2015.12.29"]
[Round "6"]
[White "Gossing, Marie-Sophie"]
[Black "Fege, Astrid"]
[Result "0-1"]
[Termination "normal"]
[Board "9.3"]
[WhiteElo "719"]
[BlackElo "1177"]
[WhiteTeam "Lübecker SV von 1873"]
[BlackTeam "SG Leipzig"]
[PlyCount "84"]
[WhiteFideId "16217284"]
[BlackFideId "16217152"]
[EventCountry "GER"]
[EventRounds "7"]
[EventType "team-swiss"]
[EventDate "2015.12.26"]

1. e4 e5 2. Nf3 Nc6 3. Bc4 Bc5 4. c3 Nf6 5. d4 exd4 6. cxd4 Bb6 7. e5 Qe7 8.
O-O Nh5 9. Re1 O-O 10. Nc3 d6 11. exd6 Qxd6 12. Bg5 Bg4 13. Nd5 Rfe8 14. Rxe8+
Rxe8 15. h3 Be6 16. Rc1 Bxd5 17. b3 Bxc4 18. bxc4 Nxd4 19. c5 Bxc5 20. Be3
Nxf3+ 21. Qxf3 Bxe3 22. fxe3 Ng3 23. Rd1 Qe5 24. Rd5 Qe4 25. Qd1 h6 26. Rd4
Qxe3+ 27. Kh2 Nf5 28. Rd2 Qf4+ 29. Kh1 Ng3+ 30. Kg1 c5 31. Rd7 Rc8 32. Rxb7 c4
33. Rb4 Qe3+ 34. Kh2 c3 35. Qc2 Nf1+ 36. Kh1 Qd2 37. Qxd2 Nxd2 38. Rd4 c2 39.
Rxd2 c1=Q+ 40. Kh2 Qxd2 41. a4 Qf4+ 42. Kg1 Rc1# 0-1

[Event "DVM U14w 2015"]
[Site "Magdeburg GER"]
[Date "2015.12.29"]
[Round "6"]
[White "Alferova, Ekaterina"]
[Black "Stas, Antonia"]
[Result "1-0"]
[Termination "normal"]
[Board "10.1"]
[WhiteElo "1348"]
[BlackElo "920"]
[WhiteTeam "SC Ammersee"]
[BlackTeam "Hamburger SK von 1830"]
[PlyCount "63"]
[WhiteFideId "16217250"]
[BlackFideId "16217403"]
[EventCountry "GER"]
[EventRounds "7"]
[EventType "team-swiss"]
[EventDate "2015.12.26"]

1. e4 e5 2. Nf3 Nc6 3. Bc4 Bc5 4. Nc3 Nf6 5. d3 d6 6. h3 Bd7 7. O-O Qe7 8. Bg5
h6 9. Bh4 g5 10. Bg3 g4 11. hxg4 Bxg4 12. Nd5 Nxd5 13. Bxd5 Na5 14. c3 Bb6 15.
b4 Nc6 16. a4 a5 17. Bxc6+ bxc6 18. Rb1 axb4 19. cxb4 Bxf3 20. Qxf3 Rxa4 21.
Rfc1 h5 22. Rc2 d5 23. exd5 h4 24. Bh2 cxd5 25. Qxd5 Qf6 26. Bxe5 Qg6 27. Bxh8
Ke7 28. Re1+ Qe6 29. Rxe6+ fxe6 30. Qg5+ Kf8 31. Bf6 Ke8 32. Qg7 1-0

[Event "DVM U14w 2015"]
[Site "Magdeburg GER"]
[Date "2015.12.29"]
[Round "6"]
[White "Müller-Glewe, Franka"]
[Black "Heinze, Sabrina"]
[Result "1/2-1/2"]
[Termination "normal"]
[Board "10.2"]
[WhiteElo "899"]
[BlackElo "1435"]
[WhiteTeam "Hamburger SK von 1830"]
[BlackTeam "SC Ammersee"]
[PlyCount "81"]
[WhiteFideId "16207181"]
[BlackFideId "12981737"]
[EventCountry "GER"]
[EventRounds "7"]
[EventType "team-swiss"]
[EventDate "2015.12.26"]

1. e4 e5 2. Nf3 Nc6 3. Nc3 Nf6 4. Bc4 Bc5 5. O-O d6 6. h3 Be6 7. d3 Bxc4 8.
dxc4 h6 9. Be3 Bb6 10. Nd5 Nxe4 11. Qd3 Nf6 12. Rad1 e4 13. Nxf6+ Qxf6 14.
Qxe4+ Qe7 15. Qd3 O-O 16. Rfe1 Qf6 17. c3 Rfe8 18. Bd4 Qd8 19. Rxe8+ Qxe8 20.
Re1 Qd7 21. Kf1 Rd8 22. Bxb6 axb6 23. Kg1 Ra8 24. a3 Rd8 25. Nd4 Ne5 26. Qg3
Nxc4 27. Re2 Re8 28. Qf3 c6 29. Kf1 c5 30. Nc2 Nxb2 31. Rxe8+ Qxe8 32. Qxb7 Qa4
33. Qc8+ Kh7 34. Qf5+ Kg8 35. Qc8+ Kh7 36. Qf5+ Kh8 37. Qc8+ Kh7 38. Qf5+ Kg8
39. Qc8+ Kh7 40. Qf5+ Kh8 41. Qc8+ 1/2-1/2

[Event "DVM U14w 2015"]
[Site "Magdeburg GER"]
[Date "2015.12.29"]
[Round "6"]
[White "Karlinger De la Quintana, Ainhoa"]
[Black "Wittich, Carlotta"]
[Result "1-0"]
[Termination "normal"]
[Board "10.3"]
[WhiteElo "1121"]
[BlackElo "864"]
[WhiteTeam "SC Ammersee"]
[BlackTeam "Hamburger SK von 1830"]
[PlyCount "97"]
[WhiteFideId "16217268"]
[BlackFideId "16217411"]
[EventCountry "GER"]
[EventRounds "7"]
[EventType "team-swiss"]
[EventDate "2015.12.26"]

1. c4 c5 2. g3 Nc6 3. Nc3 e5 4. Bg2 Nf6 5. e3 d6 6. Nge2 Qc7 7. O-O b6 8. d4
exd4 9. exd4 Be6 10. d5 Bxd5 11. cxd5 Nb4 12. a3 Na6 13. Re1 Be7 14. Qa4+ Qd7
15. Qxa6 O-O 16. Qd3 Rac8 17. Nf4 c4 18. Qe2 Rfe8 19. Qd1 Ng4 20. Bh3 f5 21.
Ne6 Bf6 22. Bxg4 fxg4 23. Qxg4 a6 24. Bh6 g6 25. h3 a5 26. f4 Kh8 27. Ne4 Bxb2
28. Rab1 Bd4+ 29. Nxd4 Qxg4 30. hxg4 Rb8 31. Nc6 Rb7 32. Nxa5 Rbb8 33. Nxc4 b5
34. Ncxd6 Re7 35. Rxb5 Rxb5 36. Nxb5 Rb7 37. Nbd6 Rb3 38. Bg5 Rxa3 39. Nf7+ Kg7
40. Ne5 h6 41. Bf6+ Kh7 42. Rb1 Ra4 43. Rb7+ Kg8 44. Nc5 Ra1+ 45. Kh2 Ra2+ 46.
Kh3 Rc2 47. Ne6 h5 48. Rb8+ Kh7 49. Rh8# 1-0

[Event "DVM U14w 2015"]
[Site "Magdeburg GER"]
[Date "2015.12.30"]
[Round "7"]
[White "Rosenhain, Rachela"]
[Black "Weimert, Miriam"]
[Result "1/2-1/2"]
[Termination "normal"]
[Board "1.1"]
[WhiteElo "1846"]
[BlackElo "1694"]
[WhiteClock "01:04:29"]
[BlackClock "00:49:25"]
[WhiteTeam "Schachpinguine Berlin"]
[BlackTeam "SF Sasbach"]
[PlyCount "30"]
[WhiteFideId "12957615"]
[BlackFideId "12966703"]
[EventCountry "GER"]
[EventRounds "7"]
[EventType "team-swiss"]
[EventDate "2015.12.26"]

1. e4 {[%clk 1:30:57]} c5 {[%clk 1:30:54]} 2. Nf3 {[%clk 1:31:20]} a6 {[%clk
1:31:14]} 3. c4 {[%clk 1:30:48]} e6 {[%clk 1:31:32]} 4. Nc3 {[%clk 1:30:54]}
Ne7 {[%clk 1:31:04]} 5. d4 {[%clk 1:25:42]} cxd4 {[%clk 1:30:41]} 6. Nxd4
{[%clk 1:26:04]} Ng6 {[%clk 1:30:06]} 7. Be2 {[%clk 1:25:42]} Be7 {[%clk
1:29:00]} 8. O-O {[%clk 1:25:17]} Nc6 {[%clk 1:27:03]} 9. Be3 {[%clk 1:23:47]}
O-O {[%clk 1:25:57]} 10. Qd2 {[%clk 1:23:12]} d6 {[%clk 1:22:11]} 11. Rfd1
{[%clk 1:20:37]} Qc7 {[%clk 1:20:40]} 12. Rac1 {[%clk 1:18:14]} Bd7 {[%clk
1:13:29]} 13. f3 {[%clk 1:11:52]} Rac8 {[%clk 1:06:30]} 14. Bf1 {[%clk
1:07:24]} Qb8 {[%clk 0:59:24]} 15. a3 {[%clk 1:04:29]} Nce5 {[%clk 0:49:25]} *

[Event "DVM U14w 2015"]
[Site "Magdeburg GER"]
[Date "2015.12.30"]
[Round "7"]
[White "Lohrmann, Tabea"]
[Black "Schnabel, Luise"]
[Result "0-1"]
[Termination "normal"]
[Board "1.2"]
[WhiteElo "1657"]
[BlackElo "1599"]
[WhiteClock "01:11:45"]
[BlackClock "00:47:06"]
[WhiteTeam "SF Sasbach"]
[BlackTeam "Schachpinguine Berlin"]
[PlyCount "29"]
[WhiteFideId "12911941"]
[BlackFideId "12943347"]
[EventCountry "GER"]
[EventRounds "7"]
[EventType "team-swiss"]
[EventDate "2015.12.26"]

1. e4 {[%clk 1:30:56]} c5 {[%clk 1:30:54]} 2. Nf3 {[%clk 1:31:16]} d6 {[%clk
1:31:17]} 3. d4 {[%clk 1:31:35]} cxd4 {[%clk 1:31:41]} 4. Nxd4 {[%clk 1:32:00]}
Nf6 {[%clk 1:32:01]} 5. Nc3 {[%clk 1:32:14]} a6 {[%clk 1:32:23]} 6. f3 {[%clk
1:31:52]} e6 {[%clk 1:31:54]} 7. Be3 {[%clk 1:32:02]} Nbd7 {[%clk 1:29:14]} 8.
Qd2 {[%clk 1:31:12]} Qc7 {[%clk 1:26:06]} 9. O-O-O {[%clk 1:28:38]} Be7 {[%clk
1:23:39]} 10. Kb1 {[%clk 1:28:20]} O-O {[%clk 1:21:12]} 11. g4 {[%clk 1:25:51]}
Ne5 {[%clk 1:15:28]} 12. h4 {[%clk 1:23:32]} b5 {[%clk 1:12:55]} 13. h5 {[%clk
1:19:13]} b4 {[%clk 1:09:12]} 14. Na4 {[%clk 1:17:14]} Bd7 {[%clk 0:47:06]} 15.
Nb6 {[%clk 1:11:45]} 0-1

[Event "DVM U14w 2015"]
[Site "Magdeburg GER"]
[Date "2015.12.30"]
[Round "7"]
[White "Grey, Andrea"]
[Black "Ehmann, Johanna"]
[Result "1/2-1/2"]
[Termination "normal"]
[Board "1.3"]
[WhiteElo "1364"]
[BlackElo "1689"]
[WhiteClock "00:56:00"]
[BlackClock "00:55:42"]
[WhiteTeam "Schachpinguine Berlin"]
[BlackTeam "SF Sasbach"]
[PlyCount "29"]
[WhiteFideId "12971880"]
[BlackFideId "12953130"]
[EventCountry "GER"]
[EventRounds "7"]
[EventType "team-swiss"]
[EventDate "2015.12.26"]

1. c4 {[%clk 1:30:56]} c5 {[%clk 1:30:50]} 2. e4 {[%clk 1:31:15]} e5 {[%clk
1:30:22]} 3. Nc3 {[%clk 1:31:29]} Nf6 {[%clk 1:29:45]} 4. g3 {[%clk 1:31:15]}
d6 {[%clk 1:29:27]} 5. Bg2 {[%clk 1:30:56]} Nc6 {[%clk 1:28:35]} 6. Nge2 {[%clk
1:29:06]} Be7 {[%clk 1:27:50]} 7. d3 {[%clk 1:28:06]} O-O {[%clk 1:26:44]} 8.
O-O {[%clk 1:27:40]} Bd7 {[%clk 1:24:39]} 9. a3 {[%clk 1:23:37]} Qc8 {[%clk
1:20:39]} 10. f4 {[%clk 1:19:10]} Bg4 {[%clk 1:13:47]} 11. Qe1 {[%clk 1:14:55]}
exf4 {[%clk 1:09:37]} 12. Bxf4 {[%clk 1:11:47]} Nh5 {[%clk 1:04:06]} 13. Be3
{[%clk 1:09:00]} Bf6 {[%clk 0:58:19]} 14. Rb1 {[%clk 1:02:11]} Ne5 {[%clk
0:55:42]} 15. Qd2 {[%clk 0:56:00]} *

[Event "DVM U14w 2015"]
[Site "Magdeburg GER"]
[Date "2015.12.30"]
[Round "7"]
[White "Schneider, Katharina"]
[Black "Zhou, Lepu Coco"]
[Result "1/2-1/2"]
[Termination "normal"]
[Board "1.4"]
[WhiteElo "1155"]
[BlackElo "1050"]
[WhiteClock "00:51:32"]
[BlackClock "01:33:10"]
[WhiteTeam "SF Sasbach"]
[BlackTeam "Schachpinguine Berlin"]
[PlyCount "72"]
[WhiteFideId "16200519"]
[BlackFideId "16217136"]
[EventCountry "GER"]
[EventRounds "7"]
[EventType "team-swiss"]
[EventDate "2015.12.26"]

1. e4 {[%clk 1:30:57]} e5 {[%clk 1:30:56]} 2. Nf3 {[%clk 1:31:20]} Nc6 {[%clk
1:31:22]} 3. Bc4 {[%clk 1:31:42]} Nf6 {[%clk 1:31:45]} 4. d4 {[%clk 1:32:01]}
exd4 {[%clk 1:32:06]} 5. e5 {[%clk 1:32:24]} d5 {[%clk 1:32:30]} 6. Bb5 {[%clk
1:32:46]} Ne4 {[%clk 1:32:44]} 7. Nxd4 {[%clk 1:33:02]} Bd7 {[%clk 1:33:02]} 8.
Bxc6 {[%clk 1:33:14]} bxc6 {[%clk 1:33:27]} 9. O-O {[%clk 1:33:27]} Bc5 {[%clk
1:33:31]} 10. f3 {[%clk 1:33:40]} Ng5 {[%clk 1:33:39]} 11. f4 {[%clk 1:33:45]}
Ne4 {[%clk 1:34:00]} 12. Be3 {[%clk 1:33:21]} O-O {[%clk 1:34:02]} 13. Nd2
{[%clk 1:33:35]} Nxd2 {[%clk 1:34:17]} 14. Qxd2 {[%clk 1:33:54]} Qb8 {[%clk
1:33:49]} 15. Nb3 {[%clk 1:33:33]} Bxe3+ {[%clk 1:33:59]} 16. Qxe3 {[%clk
1:33:52]} Qb6 {[%clk 1:34:21]} 17. Rae1 {[%clk 1:31:05]} Qxe3+ {[%clk 1:34:42]}
18. Rxe3 {[%clk 1:31:22]} Rab8 {[%clk 1:35:05]} 19. f5 {[%clk 1:26:17]} Rbe8
{[%clk 1:32:27]} 20. Nc5 {[%clk 1:18:03]} Bc8 {[%clk 1:29:55]} 21. f6 {[%clk
1:14:23]} gxf6 {[%clk 1:29:41]} 22. Rg3+ {[%clk 1:13:43]} Kh8 {[%clk 1:29:40]}
23. exf6 {[%clk 1:11:47]} Rg8 {[%clk 1:29:42]} 24. Ra3 {[%clk 1:11:18]} Re2
{[%clk 1:29:29]} 25. Rf2 {[%clk 1:11:08]} Re1+ {[%clk 1:29:33]} 26. Rf1 {[%clk
1:11:30]} Re2 {[%clk 1:29:49]} 27. Rf2 {[%clk 1:05:44]} Re1+ {[%clk 1:30:12]}
28. Rf1 {[%clk 1:05:43]} Re2 {[%clk 1:30:36]} 29. Rf2 {[%clk 0:54:58]} Re1+
{[%clk 1:30:58]} 30. Rf1 {[%clk 0:53:00]} Re2 {[%clk 1:31:22]} 31. Rf2 {[%clk
0:52:17]} Re1+ {[%clk 1:31:47]} 32. Rf1 {[%clk 0:52:34]} Re2 {[%clk 1:32:14]}
33. Rf2 {[%clk 0:50:57]} Re1+ {[%clk 1:32:33]} 34. Rf1 {[%clk 0:51:18]} Re2
{[%clk 1:32:47]} 35. Rf2 {[%clk 0:51:09]} Re1+ {[%clk 1:33:10]} 36. Rf1 {[%clk
0:51:32]} Re2 1/2-1/2

[Event "DVM U14w 2015"]
[Site "Magdeburg GER"]
[Date "2015.12.30"]
[Round "7"]
[White "Bui, Ngoc Han Julia"]
[Black "Reinecke, Katharina"]
[Result "1/2-1/2"]
[Termination "normal"]
[Board "2.1"]
[WhiteElo "1600"]
[BlackElo "1853"]
[WhiteClock "00:41:35"]
[BlackClock "01:04:56"]
[WhiteTeam "SV Dresden-Leuben"]
[BlackTeam "SK Langen"]
[PlyCount "27"]
[WhiteFideId "12977055"]
[BlackFideId "12929727"]
[EventCountry "GER"]
[EventRounds "7"]
[EventType "team-swiss"]
[EventDate "2015.12.26"]

1. e4 {[%clk 1:30:55]} c6 {[%clk 1:30:54]} 2. Nf3 {[%clk 1:31:18]} d5 {[%clk
1:31:05]} 3. Nc3 {[%clk 1:31:35]} Nf6 {[%clk 1:31:17]} 4. exd5 {[%clk 1:30:12]}
cxd5 {[%clk 1:31:00]} 5. d4 {[%clk 1:26:03]} Qc7 {[%clk 1:28:39]} 6. Bd3 {[%clk
1:21:03]} Bg4 {[%clk 1:27:38]} 7. h3 {[%clk 1:21:09]} Bh5 {[%clk 1:27:20]} 8.
g4 {[%clk 1:19:26]} Bg6 {[%clk 1:25:46]} 9. Ne5 {[%clk 1:10:27]} e6 {[%clk
1:15:35]} 10. Bf4 {[%clk 1:05:25]} Qb6 {[%clk 1:09:10]} 11. Nxg6 {[%clk
1:01:36]} hxg6 {[%clk 1:08:00]} 12. g5 {[%clk 0:50:39]} Nfd7 {[%clk 1:05:38]}
13. Nb5 {[%clk 0:46:48]} Na6 {[%clk 1:04:56]} 14. Qg4 {[%clk 0:41:35]} Rc8 15.
Qg3 Nb4 16. O-O Nxd3 17. Qxd3 a6 18. Nc3 Rc4 19. Rfd1 Qxb2 20. Nxd5 exd5 21.
Re1+ Kd8 22. Rab1 Qxc2 23. Qe3 Qe4 24. Qg3 Qxd4 25. Bc7+ Rxc7 26. Re8+ Kxe8 27.
Qxc7 Qe5 28. Qc8+ Ke7 29. Rxb7 Qd6 30. Rb3 Ke6 31. Re3+ Kf5 32. Qe8 Kxg5 33.
Qxf7 Kh6 34. Re6 Qxe6 35. Qxe6 Nf6 1/2-1/2